Analysis of international marketing strategies in Slovak companies

Možné správanie podniku v rozvíjajúcej sa medzinárodnej marketingovej stratégii. Údaje z prieskumu v 115 malých a stredných podnikoch na Slovensku naznačujú, že minulé pôsobenie na medzinárodných trhoch má významný vplyv na súčasnú marketingovú stratégiu. Kontroverznosť štandardizácie verzus adaptác...

Descripción completa

Guardado en:
Detalles Bibliográficos
Autor principal: Lesáková, Dagmar, 1949-
Formato: Capítulo de libro
Lenguaje:inglés
Materias:
Etiquetas: Agregar Etiqueta
Sin Etiquetas, Sea el primero en etiquetar este registro!

MARC

LEADER 00000naa$a2200000$$$4500
001 0057959
005 20240502071642.4
041 0 |a eng 
044 |a SK 
245 1 0 |a Analysis of international marketing strategies in Slovak companies  |c Dagmar Lesáková 
520 |a Možné správanie podniku v rozvíjajúcej sa medzinárodnej marketingovej stratégii. Údaje z prieskumu v 115 malých a stredných podnikoch na Slovensku naznačujú, že minulé pôsobenie na medzinárodných trhoch má významný vplyv na súčasnú marketingovú stratégiu. Kontroverznosť štandardizácie verzus adaptácia pri vývoji marketingovej stratégie pre zahraničné trhy. Materiál a metódy prieskumu. Výsledky a diskusia. Motivácie strategických rozhodnutí. 
610 2 0 |a stratégia marketingová 
610 2 0 |a marketing medzinárodný 
610 2 0 |a podnik malý 
610 2 0 |a podnik stredný 
610 2 0 |a štandardizácia 
610 2 0 |a adaptácia 
610 2 0 |a výskum 
610 2 0 |a Slovensko 
100 1 |a Lesáková, Dagmar, 1949-